000 00877nam a2200229 i 4500
001 79115
003 ES-MaACL
005 20250727125620.0
007 t|
008 041019s1927 po ||||1| por d
080 _a821.134.2(729.1)-32"19"
100 1 _aHernández Catá, Alfonso,
_d1885-1940
_962908
245 1 3 _aOs sete pecados /
_cAlfonso Hernández Catá ; con un prefacio do autor expressamente escrito para esta ediçao ; traduçao de Novais Teixeira.
260 _aPorto :
_b[s.n.],
_c1927 (
_fImp. Civilizaçao)
300 _a271 p. ;
_c19 cm.
530 _aDisponible en formato digital.
700 1 _aNovais Teixeira, Joaquim.
_9174586
852 4 _aES-MaACL
_jF-3184
_cDEPO2
_zRevisado enlace: 27 de julio de 2025
856 4 _uhttp://bdh-rd.bne.es/viewer.vm?id=0000216561&page=1
_y(Biblioteca Digital Hispánica)
942 _2udc
999 _c79115
_d79115